000 00519nam a2200145Ia 4500
008 220216s9999 xx 000 0 und d
100 _aDas G.
245 0 _aEffect of low winter temperature on growth and yield of Hevea clones
260 _bInternational Workshop on Climate Change and Rubber Cultivation: R & D Priorities, 28-30 July 2010, Rubber Research Institute of India, Kottayam, pp. 40-42
_c2010
700 _aChaudhury D.
700 _aGohain T.
700 _aMeti S.
700 _aSingh R.S.
942 _cBS
999 _c52261
_d52261